Protection of children from sexual exploitation in tourism : tourism training module for future tourism professionals
Αποθηκεύτηκε σε:
| Συλλογικό Έργο: | , |
|---|---|
| Μορφή: | Βιβλίο |
| Γλώσσα: | English |
| Δημοσίευση: |
Madrid :
World Tourism Organization,
2001
|
| Θέματα: | |
| Ετικέτες: |
Προσθήκη ετικέτας
Δεν υπάρχουν, Καταχωρήστε ετικέτα πρώτοι!
|
MARC
| LEADER | 00000cam a2200000 i 4500 | ||
|---|---|---|---|
| 001 | 1/71362 | ||
| 008 | 050209s2001 eng d | ||
| 020 | |a 92-844-0498-3 | ||
| 035 | |l 10076508 | ||
| 040 | |a GR-MY-UA |b gre |e aacr | ||
| 041 | 0 | |a eng | |
| 082 | 0 | |a 362.768 |2 (21) | |
| 110 | 2 | |a World Tourism Organization. | |
| 245 | 1 | 0 | |a Protection of children from sexual exploitation in tourism : |b tourism training module for future tourism professionals / |c World Tourism Organization, European Commission |
| 260 | |a Madrid : |b World Tourism Organization, |c 2001 | ||
| 300 | |a 1 τ. (κινητά φύλλα με ποικίλες σελιδαριθμήσεις); |b εικ.; |c 32 εκ.+ |e 1 οπτική δισκέτα λέιζερ Η/Υ (4 3/4 ίν.) | ||
| 650 | 0 | 0 | |a Tourism. |
| 650 | 0 | 0 | |a Child sexual abuse. |
| 710 | 2 | |a European Commission. | |
| 852 | |a INST |b CHIOS |e 20050209 |h 362.76 WOR |p 005200022363 |q 005200022363 |t BK |y 0 | ||
| 852 | |a INST |b CHIOS |e 20050209 |h 362.76 WOR |p 005200022326 |q 005200022326 |t BK |y 0 | ||
| 901 | |a BIBL2-2005-1 | ||
| 909 | |a Χ |b 112564 | ||
| 909 | |a Χ |b 112613 | ||
| 970 | |a ΣΠΕΝΤΖΑ |b ΕΛΕΝΗ |z 2005/02/09 | ||